| 000 | 00422nam a22001697a 4500 | ||
|---|---|---|---|
| 003 | CEME | ||
| 005 | 20210628205311.0 | ||
| 008 | 210308b xxu||||| |||| 00| 0 eng d | ||
| 020 | _a1-85617-230-9 | ||
| 040 | _c. | ||
| 082 | _a621.69 VET'L | ||
| 100 |
_aVetter, V _974832 |
||
| 245 | _aLeak free pumps and comprssors | ||
| 260 |
_aOXFORD _bELSEVIER ADVANCED TECHNOLOGY _c1995 |
||
| 300 | _aVII, 300P | ||
| 942 |
_cBK _2ddc |
||
| 999 |
_c580339 _d580339 |
||